[Event "Titled Tuesday intern op 13th Feb Late"]
[Site "Chess.com INT"]
[Date "2024.02.13"]
[Round "10"]
[White "Martinez Pla, Xavier"]
[Black "Al Blooshi, Hamad Essa"]
[Result "1-0"]
[WhiteElo "2247"]
[BlackElo "2067"]
[PlyCount "49"]
[EventDate "2024.02.13"]
[EventType "swiss (blitz)"]
[EventRounds "11"]
[EventCountry "USA"]
[SourceTitle "CB08_2024"]
[SourceDate "2024.02.21"]
[SourceVersion "1"]
[SourceVersionDate "2024.02.21"]
[SourceQuality "1"]

1. e4 c5 2. Nf3 Nc6 3. Bc4 e6 4. 0-0 Nf6 5. Re1 Be7 6. e5 Nd5 7. d4 Nb6 8. Bf1 cxd4 9. Nxd4 Nxd4 10. Qxd4 0-0 11. Qg4 Re8 12. Nc3 d6 13. Bb5 Bd7 14. exd6 Bxd6 15. Be3 Bxb5 16. Nxb5 Nd5 17. c4 Nxe3 18. Rxe3 Bc5 19. Rd1 Qf6 20. Rf3 Qe7 21. Rfd3 a6 22. Rd7 Qf6 23. Nc7 Qxf2+ 24. Kh1 Red8 25. Rxd8+ 1-0

[Event "UAE President Cup U14"]
[Site "Ajman"]
[Date "2019.01.05"]
[Round "4"]
[White "Abdalla, Yahya Alhammadi"]
[Black "Al Blooshi, Hamad Essa"]
[Result "1-0"]
[WhiteElo "1445"]
[BlackElo "1216"]
[PlyCount "87"]
[EventDate "2019.01.02"]
[EventType "swiss"]
[EventRounds "9"]
[EventCountry "UAE"]
[SourceTitle "CBM 188 Extra"]
[Source "ChessBase"]
[SourceDate "2019.02.26"]
[SourceVersion "1"]
[SourceVersionDate "2019.02.26"]
[SourceQuality "1"]

1. d4 d5 2. Nf3 Nf6 3. e3 e6 4. Bd3 Bd6 5. Nbd2 Nbd7 6. 0-0 0-0 7. Qe2 e5 8. dxe5 Nxe5 9. Nxe5 Bxe5 10. h3 Re8 11. Nf3 Bd6 12. b3 Nd7 13. Bb2 Ne5 14. Nxe5 Bxe5 15. Bxh7+ Kxh7 16. Qh5+ Kg8 17. Bxe5 Qe7 18. Bb2 c6 19. Rfd1 Rd8 20. Rd4 Rd6 21. Ba3 Rh6 22. Qxh6 Qxa3 23. Qh5 Qb2 24. Rad1 Qxc2 25. R1d2 Qf5 26. Qxf5 Bxf5 27. e4 Bxe4 28. f3 Bg6 29. Re2 Kf8 30. Rh4 Kg8 31. Re7 Rb8 32. Rb4 Bb1 33. a3 Bc2 34. Kf2 b6 35. Rxa7 c5 36. Rf4 f6 37. b4 g5 38. Rxf6 c4 39. Rd6 Bb3 40. Rc7 Re8 41. Rxd5 Kh8 42. Rc6 c3 43. Rxg5 Bd5 44. Rxd5 1-0